Statistics for Video Games That Start With C

Click here to take the quiz!

General Stats

  • This quiz has been taken 151 times
  • The average score is 6 of 12

Answer Stats

HintGame% Correct
First person shooter. Pretty much the same thing every year.Call of Duty
98%
As Simon Belmont, you are tasked with defeating Count Dracula.Castlevania
85%
Build an empire to stand the test of time.Civilization
67%
Join a team of terrorists or counter-terrorists to achieve your goals.Counter-Strike
63%
Use your Nintendo DS to make delicious food.Cooking Mama
59%
Pick up customers and take them to their chosen destination as quickly as possible.Crazy Taxi
59%
An alcoholic red squirrel attempts to return home to his girlfriend, going so far as to fighting a giant opera-singing turd. Seriously.Conker's Bad Fur Day
57%
Mutated marsupial must stop two scientists from achieving world domination.Crash Bandicoot
51%
Six characters travel through different time eras in order to halt the future destruction of the world.Chrono Trigger
27%
In the future, an evil organization sets a base on an archipelago near New Zealand, and two commandos are sent to investigate.Contra
21%
Massive ancient alien structure has been discovered inside a mountain, and a team is outfitted with Nanosuits to investigate.Crysis
20%
Two groups fighting in a world war compete for control of a substance that slowly spreads across the world.Command & Conquer
16%

Score Distribution

Percentile by Number Answered

Percent of People with Each Score

Your Score History

You have not taken this quiz